<?xml version="1.0" encoding="UTF-8"?>
<record
    xmlns:xsi="http://www.w3.org/2001/XMLSchema-instance"
    xsi:schemaLocation="http://www.loc.gov/MARC21/slim http://www.loc.gov/standards/marcxml/schema/MARC21slim.xsd"
    xmlns="http://www.loc.gov/MARC21/slim">

  <leader>01041nas a2200205   4500</leader>
  <datafield tag="999" ind1=" " ind2=" ">
    <subfield code="c">5843</subfield>
    <subfield code="d">5843</subfield>
  </datafield>
  <controlfield tag="001">6904</controlfield>
  <controlfield tag="005">20190516150523.0</controlfield>
  <controlfield tag="008">190516b           ||||| |||| 00| 0 eng d</controlfield>
  <datafield tag="090" ind1="0" ind2="0">
    <subfield code="a">Periodical</subfield>
  </datafield>
  <datafield tag="245" ind1="0" ind2="0">
    <subfield code="a">Bhutan press mirror :</subfield>
    <subfield code="b">a JAB occasional journal / Issue I</subfield>
  </datafield>
  <datafield tag="260" ind1="0" ind2="0">
    <subfield code="a">Thimphu :  </subfield>
    <subfield code="b">Journalists' Association of Bhutan,</subfield>
    <subfield code="c">2017-</subfield>
  </datafield>
  <datafield tag="300" ind1="0" ind2="0">
    <subfield code="a">55 p.</subfield>
  </datafield>
  <datafield tag="310" ind1="0" ind2="0">
    <subfield code="a">Irregular</subfield>
  </datafield>
  <datafield tag="362" ind1=" " ind2=" ">
    <subfield code="a">Began publication with vol. 1, no. 1 (2017)</subfield>
  </datafield>
  <datafield tag="500" ind1="0" ind2="0">
    <subfield code="a">""In Dzongkha and English.</subfield>
  </datafield>
  <datafield tag="505" ind1=" " ind2=" ">
    <subfield code="a">CONTENTS: Message from the president -- Message from the  executive director -- JAB: who we are -- The state of the  media in Bhutan -- The little master of a monster  -- The  state of the fourth estate -- Falling out of love with  journalism -- Empowering newsroom through diversity --  Invest in journalism -- Empowering newsroom through  diversity -- Invest in journalism -- Bloggers are not  journalists -- Middle path communication. </subfield>
  </datafield>
  <datafield tag="650" ind1="0" ind2="0">
    <subfield code="x">Bhutan -- Periodicals.</subfield>
  </datafield>
  <datafield tag="650" ind1="0" ind2="0">
    <subfield code="x">Bhutan -- Periodicals.</subfield>
  </datafield>
  <datafield tag="942" ind1=" " ind2=" ">
    <subfield code="2">ddc</subfield>
    <subfield code="c">PERIODICAL</subfield>
  </datafield>
  <datafield tag="952" ind1=" " ind2=" ">
    <subfield code="0">0</subfield>
    <subfield code="1">0</subfield>
    <subfield code="2">ddc</subfield>
    <subfield code="4">0</subfield>
    <subfield code="7">0</subfield>
    <subfield code="8">STORAGE</subfield>
    <subfield code="a">RTCLIB</subfield>
    <subfield code="b">RTCLIB</subfield>
    <subfield code="c">STORAGE</subfield>
    <subfield code="d">2018-11-27</subfield>
    <subfield code="h"> </subfield>
    <subfield code="i">10727</subfield>
    <subfield code="o"> SERIALS</subfield>
    <subfield code="p">30011258</subfield>
    <subfield code="r">2018-11-27 00:00:00</subfield>
    <subfield code="t">1</subfield>
    <subfield code="w">2018-11-27</subfield>
    <subfield code="y">STORAGE</subfield>
  </datafield>
  <datafield tag="952" ind1=" " ind2=" ">
    <subfield code="0">0</subfield>
    <subfield code="1">0</subfield>
    <subfield code="2">ddc</subfield>
    <subfield code="4">0</subfield>
    <subfield code="7">0</subfield>
    <subfield code="8">STORAGE</subfield>
    <subfield code="a">RTCLIB</subfield>
    <subfield code="b">RTCLIB</subfield>
    <subfield code="c">STORAGE</subfield>
    <subfield code="d">2018-11-27</subfield>
    <subfield code="h"> </subfield>
    <subfield code="i">10728</subfield>
    <subfield code="o"> SERIALS</subfield>
    <subfield code="p">30011160</subfield>
    <subfield code="r">2018-11-27 00:00:00</subfield>
    <subfield code="t">2</subfield>
    <subfield code="w">2018-11-27</subfield>
    <subfield code="y">STORAGE</subfield>
  </datafield>
  <datafield tag="952" ind1=" " ind2=" ">
    <subfield code="0">0</subfield>
    <subfield code="1">0</subfield>
    <subfield code="2">ddc</subfield>
    <subfield code="4">0</subfield>
    <subfield code="7">0</subfield>
    <subfield code="8">STORAGE</subfield>
    <subfield code="a">RTCLIB</subfield>
    <subfield code="b">RTCLIB</subfield>
    <subfield code="c">STORAGE</subfield>
    <subfield code="d">2018-11-27</subfield>
    <subfield code="h"> </subfield>
    <subfield code="i">10729</subfield>
    <subfield code="o"> SERIALS</subfield>
    <subfield code="p">30010412</subfield>
    <subfield code="r">2018-11-27 00:00:00</subfield>
    <subfield code="t">3</subfield>
    <subfield code="w">2018-11-27</subfield>
    <subfield code="y">STORAGE</subfield>
  </datafield>
  <datafield tag="952" ind1=" " ind2=" ">
    <subfield code="0">0</subfield>
    <subfield code="1">0</subfield>
    <subfield code="2">ddc</subfield>
    <subfield code="4">0</subfield>
    <subfield code="7">0</subfield>
    <subfield code="8">STORAGE</subfield>
    <subfield code="a">RTCLIB</subfield>
    <subfield code="b">RTCLIB</subfield>
    <subfield code="c">STORAGE</subfield>
    <subfield code="d">2018-11-27</subfield>
    <subfield code="h"> </subfield>
    <subfield code="i">10730</subfield>
    <subfield code="o"> SERIALS</subfield>
    <subfield code="p">30010548</subfield>
    <subfield code="r">2018-11-27 00:00:00</subfield>
    <subfield code="t">4</subfield>
    <subfield code="w">2018-11-27</subfield>
    <subfield code="y">STORAGE</subfield>
  </datafield>
  <datafield tag="952" ind1=" " ind2=" ">
    <subfield code="0">0</subfield>
    <subfield code="1">0</subfield>
    <subfield code="2">ddc</subfield>
    <subfield code="4">0</subfield>
    <subfield code="7">0</subfield>
    <subfield code="8">STORAGE</subfield>
    <subfield code="a">RTCLIB</subfield>
    <subfield code="b">RTCLIB</subfield>
    <subfield code="c">STORAGE</subfield>
    <subfield code="d">2019-03-11</subfield>
    <subfield code="h">13516</subfield>
    <subfield code="o">Periodical serials</subfield>
    <subfield code="p">30013732</subfield>
    <subfield code="r">2019-03-11 00:00:00</subfield>
    <subfield code="w">2019-03-11</subfield>
    <subfield code="y">STORAGE</subfield>
  </datafield>
  <datafield tag="952" ind1=" " ind2=" ">
    <subfield code="0">0</subfield>
    <subfield code="1">0</subfield>
    <subfield code="2">ddc</subfield>
    <subfield code="4">0</subfield>
    <subfield code="7">0</subfield>
    <subfield code="8">STORAGE</subfield>
    <subfield code="a">RTCLIB</subfield>
    <subfield code="b">RTCLIB</subfield>
    <subfield code="c">STORAGE</subfield>
    <subfield code="d">2019-03-11</subfield>
    <subfield code="h">13515</subfield>
    <subfield code="o">Periodical serials</subfield>
    <subfield code="p">30012297</subfield>
    <subfield code="r">2019-03-11 00:00:00</subfield>
    <subfield code="w">2019-03-11</subfield>
    <subfield code="y">STORAGE</subfield>
  </datafield>
  <datafield tag="952" ind1=" " ind2=" ">
    <subfield code="0">0</subfield>
    <subfield code="1">0</subfield>
    <subfield code="2">ddc</subfield>
    <subfield code="4">0</subfield>
    <subfield code="7">0</subfield>
    <subfield code="8">STORAGE</subfield>
    <subfield code="a">RTCLIB</subfield>
    <subfield code="b">RTCLIB</subfield>
    <subfield code="c">STORAGE</subfield>
    <subfield code="d">2019-05-16</subfield>
    <subfield code="h">13813</subfield>
    <subfield code="o">Periodicals Serials</subfield>
    <subfield code="p">30006370</subfield>
    <subfield code="r">2019-05-16 00:00:00</subfield>
    <subfield code="w">2019-05-16</subfield>
    <subfield code="y">STORAGE</subfield>
  </datafield>
  <datafield tag="952" ind1=" " ind2=" ">
    <subfield code="0">0</subfield>
    <subfield code="1">0</subfield>
    <subfield code="2">ddc</subfield>
    <subfield code="4">0</subfield>
    <subfield code="7">0</subfield>
    <subfield code="8">STORAGE</subfield>
    <subfield code="a">RTCLIB</subfield>
    <subfield code="b">RTCLIB</subfield>
    <subfield code="c">STORAGE</subfield>
    <subfield code="d">2019-05-16</subfield>
    <subfield code="h">13812</subfield>
    <subfield code="o">Periodicals Serials</subfield>
    <subfield code="p">30004779</subfield>
    <subfield code="r">2019-05-16 00:00:00</subfield>
    <subfield code="w">2019-05-16</subfield>
    <subfield code="y">STORAGE</subfield>
  </datafield>
  <datafield tag="952" ind1=" " ind2=" ">
    <subfield code="0">0</subfield>
    <subfield code="1">0</subfield>
    <subfield code="2">ddc</subfield>
    <subfield code="4">0</subfield>
    <subfield code="7">0</subfield>
    <subfield code="8">PERIODICALS</subfield>
    <subfield code="a">RTCLIB</subfield>
    <subfield code="b">RTCLIB</subfield>
    <subfield code="c">PERIODICALS</subfield>
    <subfield code="d">2019-05-16</subfield>
    <subfield code="h">13811</subfield>
    <subfield code="l">0</subfield>
    <subfield code="o">Periodicals Serials</subfield>
    <subfield code="p">30009311</subfield>
    <subfield code="r">2019-05-16 00:00:00</subfield>
    <subfield code="w">2019-05-16</subfield>
    <subfield code="y">PERIODICAL</subfield>
  </datafield>
  <datafield tag="952" ind1=" " ind2=" ">
    <subfield code="0">0</subfield>
    <subfield code="1">0</subfield>
    <subfield code="2">ddc</subfield>
    <subfield code="4">0</subfield>
    <subfield code="7">0</subfield>
    <subfield code="8">PERIODICALS</subfield>
    <subfield code="a">RTCLIB</subfield>
    <subfield code="b">RTCLIB</subfield>
    <subfield code="c">PERIODICALS</subfield>
    <subfield code="d">2019-05-16</subfield>
    <subfield code="h">13810</subfield>
    <subfield code="l">0</subfield>
    <subfield code="o">Periodicals Serials</subfield>
    <subfield code="p">30009865</subfield>
    <subfield code="r">2019-05-16 00:00:00</subfield>
    <subfield code="w">2019-05-16</subfield>
    <subfield code="y">PERIODICAL</subfield>
  </datafield>
  <datafield tag="952" ind1=" " ind2=" ">
    <subfield code="0">0</subfield>
    <subfield code="1">0</subfield>
    <subfield code="2">ddc</subfield>
    <subfield code="4">0</subfield>
    <subfield code="7">0</subfield>
    <subfield code="8">PERIODICALS</subfield>
    <subfield code="a">RTCLIB</subfield>
    <subfield code="b">RTCLIB</subfield>
    <subfield code="c">PERIODICALS</subfield>
    <subfield code="d">2019-05-16</subfield>
    <subfield code="h">13809</subfield>
    <subfield code="l">0</subfield>
    <subfield code="o">Periodicals Serials</subfield>
    <subfield code="p">30001333</subfield>
    <subfield code="r">2019-05-16 00:00:00</subfield>
    <subfield code="w">2019-05-16</subfield>
    <subfield code="y">PERIODICAL</subfield>
  </datafield>
</record>
